01003nam a22002657a 450000500170000001000110001702000100002803500110003803700160004904000120006508200160007710000250009324501190011826000440023727000410028130000230032250000480034565000350039365000390042870000280046770000320049594200250052799900190055295201660057120170124105937.0 a813115 c00.00 a813115 bCen Lib/Ret aDPLbEN a354.54bISH aIshwar, Dayal910304 aDistrict administration :cby Ishwar Dayal, Kuldeep Mathur [and] Mohit Bhattacharyaba survey for reorganisation / bNew DelhiaThe Macmillian Companyc1976 aA-38/3 Mayapuri bNew Delhie110027 avii,91p.c20cm(Hb) aIncludes bibliographic references and index vDistrict administration957275 aAdministration of economy 910306 aMathur, Kuldeep 957276 aBhattacharya, Mohit 915422 2ddccENh354.54mISH c124309d124309 04104070aLbLd2015-06-15eCen Lib/Ret g0.00l0o354.54 ISHp813115r2015-06-15 00:00:00t1v0.00w2015-06-15yENzW/d List No. 6887/9 ; dtd 09/09/2020